| 000 | 01020naa a2200277 c 4500 | ||
|---|---|---|---|
| 001 | 49174 | ||
| 999 |
_c49174 _d49174 |
||
| 003 | ES-MaCES | ||
| 005 | 20180228130228.0 | ||
| 008 | 170410s2017 sp ||||| t||||||| ||spa d | ||
| 040 |
_aES-MaCES _bspa _cES-MaCES _dES-MaCES |
||
| 100 | 1 |
_938000 _aAlberich Nistal, Tomás |
|
| 245 | 1 | 0 |
_aDesigualdad, clases sociales y sociedad de los tres tercios _cTomás Alberich Nistal, Teresa Amezcua Aguilar |
| 500 | _aResumen | ||
| 650 | 4 |
_927296 _aclase social |
|
| 650 | 4 |
_927289 _aestructura social |
|
| 650 | 4 |
_930789 _adesigualdad social |
|
| 650 | 4 |
_927112 _apobreza |
|
| 650 | 4 |
_930629 _aexclusión social |
|
| 650 | 4 |
_930653 _aglobalización económica |
|
| 650 | 4 |
_927288 _aconsecuencias sociales |
|
| 653 | 1 | 0 | _aAsuntos Sociales |
| 700 | 1 |
_938001 _aAmezcua Aguilar, Teresa |
|
| 773 | 0 |
_985685 _dMadrid (Fuencarral, 127, 28010) Fundación Sistema _o088583 _tSistema _w(ES-MaCES)25730 _gn. 245 (en. 2017) {10278 R. 088583} ;p. 17-51 |
|
| 902 | _aART Artículo de revista | ||
| 942 |
_2CES _cAR _h3.3. |
||